000 01102nam a2200301Ia 4500
001 u21946
003 SIRSI
005 20180219123713.0
007 he|amb|||bacu
008 000813s1993 ua a bb 000 0 eng d
039 9 _a200301131126
_bsaid
_y200203190952
_zload
040 _aEAL
041 _aeng
_bara
090 _aThesis
_bS-1520
100 1 _aEl-Mohandes, Sawsan Saied Saleh.
245 1 0 _aMorphological and physiological studies on honey bee drones and queen
_h[microform]/
_cby Sawsan Saied Saleh El-Mohandes.
246 1 5 _aدراسات مورفولوجيه وفسيولوجيه على ذكور وملكات نحل العسل.
260 _c1993.
300 _a113, 6 leaves :
_bill. ;
_c30 cm.
502 _aThesis (M.S.)--Cairo University, 1993.
504 _aIncludes bibliographical references (leaves 97-113).
533 _aMicrofiche.
_bASUNET,
_cAin Shams University,
_e3 microfiches : negative.
546 _aSummary in Arabic.
596 _a1
650 0 _aHoneybee
_xPhysiology.
650 0 _aHoneybee
_xBreeding.
942 _cMIC
_2lcc
999 _c2439
_d2439